|
|
|
|
| LEADER |
00813nam a22002412a 4500 |
| 001 |
001728522 |
| 003 |
CZ BrMZK |
| 005 |
20200720071427.0 |
| 007 |
ta |
| 008 |
200204s1965 xr er|||||||||||cze d |
| 040 |
|
|
|a BOA001
|b cze
|e aacr2
|
| 100 |
1 |
|
|a Mach, Jan
|4 aut
|
| 245 |
1 |
0 |
|a STS v čem zvyšují pomoc družstvům /
|c Jan Mach, Lubomír Nikl
|
| 260 |
|
|
|a [Praha] :
|b Ministerstvo zemědělství, lesního a vodního hospodářství,
|c 1965
|
| 300 |
|
|
|a 7 s.
|
| 490 |
1 |
|
|a Listovky MZLVH
|
| 700 |
1 |
|
|a Nikl, Lubomír
|4 aut
|
| 772 |
0 |
8 |
|i Zvláštní příl. seriálu:
|t Za socialistické zemědělství,
|g 1965, č. 2
|
| 830 |
|
0 |
|a Listovky MZLVH
|
| 910 |
|
|
|a BOA001
|b X2-0552.560
|
| 990 |
|
|
|a BK
|
| 991 |
|
|
|b 202002
|
| 996 |
6 |
|
|b 2618867744
|c X2-0552.560
|l MZK
|r Sklad / do 24 hodin
|n 0
|w 001779948
|u 000010
|a 1
|e BOA001
|j MZK50
|s P
|